[Event "40th Nezhmetdinov Memorial 2018"]
[Site "Kazan"]
[Date "2018.09.16"]
[Round "4"]
[White "Pridorozhni, Aleksei"]
[Black "Artemiev, Vladislav"]
[Result "0-1"]
[WhiteElo "2573"]
[BlackElo "2703"]
[Annotator "TA"]
[PlyCount "136"]
[EventDate "2018.09.11"]
[EventType "swiss"]
[EventCountry "RUS"]
[SourceTitle "playchess.com"]
[Source "ChessBase"]
[SourceQuality "1"]

{[%evp 9,136,6,12,-10,-7,-8,-10,-15,3,-45,-43,-47,-42,-15,-14,-32,-36,-39,-50,-47,-43,-45,-43,-59,-64,-86,-86,-88,-87,-95,-98,-116,-120,-120,-100,-95,-100,-109,-49,-49,-49,-49,-49,-49,-49,-49,-49,-49,-49,-49,-49,-49,-49,-100,-50,-71,-68,-64,-74,-62,-62,-68,-63,-60,-66,-150,-129,-150,-81,-150,-150,-149,-149,-150,-117,-150,-147,-141,-150,-191,-202,-177,-181,-204,-204,-205,-206,-212,-221,-208,-201,-204,-212,-202,-196,-211,-194,-347,-365,-345,-334,-322,-238,-238,0,-322,-328,-470,-473,-453,-436,-778,-649,-985,-980,-785,-881,-449,-1092,-990,-661,-411,-328,-4566,-1932,-4134,-2291,-1735,-2099]} 1. e4 {[%cal Be2e4,Be4e5][%mdl 32]} c5 2. Nf3 d6 3. Bb5+ Nd7 4. a4 Ngf6 5. d3 e6 6. e5 $146 {B51: Sicilian: Moscow Variation (3 Bb5+) without 3...Bd7} ({Predecessor:} 6. O-O Be7 7. a5 O-O 8. a6 Qb6 9. axb7 Bxb7 10. Na3 d5 11. e5 Qc7 12. exf6 Nxf6 {0-1 (91) Carlsen,M (2855)-Grischuk,A (2747) ICC INT 2016}) 6... a6 7. Bxd7+ $1 Nxd7 8. exd6 {The position is equal.} b6 9. Nc3 Bxd6 10. Ng5 Bb7 11. Qh5 {[%csl Gg5][%cal Rh5f7]} Qe7 12. Nge4 Be5 13. Bg5 Nf6 14. Qh4 O-O-O 15. O-O-O h6 {[%cal Bh7h6,Bh6h5,Bh5h4][%mdl 32]} 16. Bxf6 $1 gxf6 {[%cal Bg7f6,Bf6f5][%mdl 32]} 17. Rhe1 Qc7 $36 {[%mdl 2048] Black has strong initiative.} 18. g3 f5 19. Nd2 Bd4 20. f4 h5 21. Nc4 Bg7 22. Ne5 Rd4 23. Qh3 {[#]} Rb4 (23... h4 $1 $17 {[%mdl 512] Hoping for ...hxg3.} 24. Qf1 (24. gxh4 Rxf4) 24... hxg3 25. hxg3 Rdd8) 24. b3 $15 {[#]} h4 $1 {[%mdl 512] Threatens to win with ...hxg3.} 25. Qf1 (25. gxh4 Rxf4) 25... Rd4 26. Qf2 Rdd8 27. Kb1 $1 Kb8 28. Qe3 hxg3 29. hxg3 Rh3 30. Ne2 Rh2 31. Rd2 ({Better is} 31. Qg1 $15 Rdh8 32. Qe3) 31... Rg2 32. Nc3 Rxd2 33. Qxd2 {[#]} c4 $1 {[%mdl 512]} 34. bxc4 Bxe5 35. fxe5 {[#]} Qxc4 $1 {[%mdl 512]} 36. dxc4 Rxd2 $17 {[%mdl 4096] Endgame KRB-KRN} 37. Kb2 (37. Rd1 $1 $15 Rg2 38. Rd8+ Ka7 39. Rd3) 37... Kc7 38. Kb3 Kc6 (38... Rg2 $142 39. Re3 Bc6) 39. Rd1 (39. Ne2 $142) 39... Rg2 40. Rd6+ Kc7 41. Rd3 Rf2 42. Re3 Bf3 43. Kb4 Bg4 44. c5 bxc5+ ({But not} 44... Rxc2 45. cxb6+ Kxb6 46. a5+ Kc7 47. Rd3 $17) 45. Kxc5 Rxc2 46. a5 Rd2 47. Kc4 Kc6 48. Re1 Bf3 $1 49. Rb1 {[#]} Kc7 $1 50. Rb6 Bg2 51. Kb4 Rd4+ 52. Kb3 Bf1 53. Na4 $2 (53. Rb4 Rd3 54. g4) 53... Rd3+ $19 54. Kb4 Rxg3 55. Nc5 Rg4+ 56. Kb3 Rg3+ 57. Kb4 $1 {[#]} Re3 $1 58. Nxa6+ (58. Rb7+ $142 Kc6 59. Rb6+ Kd5 60. Nxa6) 58... Bxa6 59. Rxa6 {KR-KR} Re4+ 60. Kb5 (60. Kb3 $142 Rxe5 61. Kb4) 60... Rxe5+ 61. Kb4 f4 62. Ra7+ Kc6 63. Rxf7 Re4+ 64. Kc3 Kb5 65. Ra7 e5 66. a6 $2 (66. Kd3 Re3+ 67. Kd2) 66... Kb6 {Black is clearly winning.} 67. Ra8 Re2 68. Kc4 Re3 {Precision: White = 55%, Black = 70%.} 0-1

[Event "40th Nezhmetdinov Memorial 2018"]
[Site "Kazan"]
[Date "2018.09.16"]
[Round "4"]
[White "Korneev, Oleg"]
[Black "Kabanov, Nikolai"]
[Result "1-0"]
[WhiteElo "2547"]
[BlackElo "2484"]
[Annotator "TA"]
[PlyCount "81"]
[EventDate "2018.09.11"]
[EventType "swiss"]
[EventCountry "RUS"]
[SourceTitle "playchess.com"]
[Source "ChessBase"]
[SourceQuality "1"]

{[%evp 24,81,63,57,58,58,58,41,57,47,56,56,97,89,240,247,230,237,251,269,263,243,238,216,368,364,450,441,509,361,591,576,606,597,592,569,1260,814,1320,1318,1274,1272,1203,745,1195,1172,1779,1654,1426,1622,2404,1818,12833,12833,12850,12843,5706,1914,29988,29989]} 1. e4 {[%cal Be2e4,Be4e5][%mdl 32]} Nf6 2. e5 Nd5 3. d4 d6 4. Nf3 Bg4 5. Be2 e6 6. O-O Be7 7. h3 Bh5 8. c4 Nb6 9. Nc3 O-O 10. Be3 a6 11. b3 d5 {B05: Alekhine's Defence: 4 Nf3 Bg4} 12. c5 N6d7 13. Ne1 {LiveBook: 4 Games} Bg6 {White is slightly better.} 14. Bd3 Nc6 {[#]} 15. Ne2 $146 ({Predecessor:} 15. Bxg6 hxg6 16. Qg4 Qe8 17. Nf3 f5 18. Qg3 Kh7 19. Bg5 {1-0 (50) Rublevsky,S (2610)-Bogdanovski,V (2455) Budva 1996}) 15... a5 16. Bxg6 hxg6 17. Nf4 b6 {[%cal Rb6c5]} 18. Qg4 {aiming for Nxe6!} Ndb8 $2 (18... Kh7 $16) 19. cxb6 $18 cxb6 20. Nf3 Kh7 21. h4 {[%cal Bh3h4,Bh4h5][%mdl 32]} Rh8 22. Rac1 Kg8 23. g3 b5 $2 (23... Qd7 {is a better defense.} 24. h5 g5) 24. Kg2 Ba3 25. h5 ({Inferior is} 25. Nxe6 Qd7 $15) 25... Bxc1 26. Rxc1 Qe8 $2 (26... g5) 27. hxg6 fxg6 28. Nxe6 Ra7 29. Nf4 Ne7 30. Qe6+ Kf8 {[#]} 31. Nxg6+ $1 {[%mdl 512]} Qxg6 {[#]} (31... Nxg6 32. Rc8) 32. Rc8+ $1 {[%mdl 512]} Qe8 (32... Nxc8 33. Qxg6) 33. Rxe8+ Kxe8 34. Qb6 Nbc6 35. e6 Ra8 36. Ne5 Nxe5 37. dxe5 {Intending Qb7 and mate.} Rd8 38. Bg5 {White wants to mate with Qc7.} g6 39. Qxb5+ Kf8 40. Qxa5 (40. Qb6 $142 Ke8 41. Qd4) 40... Ke8 41. Qa4+ {Precision: White = 80%, Black = 31%.} 1-0

[Event "40th Nezhmetdinov Memorial 2018"]
[Site "Kazan"]
[Date "2018.09.16"]
[Round "4"]
[White "Iljiushenok, Ilia"]
[Black "Drygalov, Andrey"]
[Result "1-0"]
[WhiteElo "2532"]
[BlackElo "2465"]
[Annotator "TA"]
[PlyCount "82"]
[EventDate "2018.09.11"]
[EventType "swiss"]
[EventCountry "RUS"]
[SourceTitle "playchess.com"]
[Source "ChessBase"]
[SourceQuality "1"]

{[%evp 16,82,21,29,53,39,34,43,52,35,72,58,61,52,69,68,58,62,61,51,64,64,65,76,171,150,195,190,233,233,229,227,234,231,237,230,243,214,288,202,187,187,233,221,222,220,195,176,177,176,183,170,177,175,173,169,178,172,235,231,220,210,308,296,6137,6137,5531,5119,29998]} 1. e4 e5 2. Nf3 Nc6 3. d4 exd4 4. Nxd4 Bc5 5. Be3 Qf6 6. c3 Nge7 7. Bc4 Ne5 8. Bb3 Qg6 9. O-O {LiveBook: 6 Games} d6 {C45: Scotch Game} (9... d5 10. Bf4 Bg4 11. Qc2 Bxd4 12. cxd4 N5c6 13. Qd2 Qxe4 14. f3 Bxf3 15. gxf3 Qxd4+ 16. Qxd4 Nxd4 17. Bxc7 {1-0 (63) Kasparov,G (2812)-Nakamura,H (2787) Saint Louis 2016 CBM 172 Extra [CB]}) 10. f3 {[%cal Bf2f3,Bf3f4,Bf4f5,Bf5g6,Bg6f7][%mdl 32]} O-O 11. Nd2 Kh8 {White is slightly better.} 12. Qe2 Bb6 13. f4 Bg4 14. Qf2 Nd3 $1 {[%cal Rd3f2]} 15. f5 $146 ({Predecessor:} 15. Qh4 Nc6 16. f5 Qh5 17. Qxh5 Bxh5 18. Bc2 Be2 19. Bxd3 Bxd3 20. Rfe1 Rfe8 21. Nxc6 bxc6 22. Bd4 {½-½ (22) Bogatyrev,O-Acs,P Rimavska Sobota 1992}) 15... Nxf2 16. fxg6 Nd3 $1 17. gxf7 Be2 18. Nc4 $1 $36 {[%cal Rc4b6][%mdl 2048] White is pushing.} Bxf1 19. Rxf1 Bxd4 (19... Bc5 $16) 20. cxd4 $18 ({Much weaker is} 20. Bxd4 $6 b5 $11) 20... b5 {[#]} 21. Na5 $1 c5 22. Nb7 cxd4 23. Bxd4 Nc6 24. Be3 a6 25. Nxd6 Nce5 26. Be6 Nxb2 27. Nb7 Nbd3 28. Nc5 h6 29. Nxd3 Nxd3 30. Bb6 a5 31. Rf5 Ra6 32. Rxb5 Ne5 33. Rxe5 Rxb6 {[%mdl 4096] Endgame KRR-KRB} 34. Bc4 {Re8 is the strong threat.} g6 35. Rxa5 Kg7 36. Ra7 Rb2 {[#]} (36... Rfb8 $142 37. Kf2 R6b7) 37. h4 $1 Rd8 {intending ...Rdd2.} 38. Bd5 Rc8 (38... Rd2 $142 39. a4 Rc8) 39. Re7 Rd2 $2 (39... Rbb8 40. a4 Kf6) 40. Re8 Rc1+ 41. Kh2 Rxd5 {Precision: White = 92%, Black = 45%.} 1-0

[Event "40th Nezhmetdinov Memorial 2018"]
[Site "Kazan"]
[Date "2018.09.16"]
[Round "4"]
[White "Lintchevski, Daniil"]
[Black "Rozum, Ivan"]
[Result "1/2-1/2"]
[WhiteElo "2519"]
[BlackElo "2576"]
[Annotator "TA"]
[PlyCount "58"]
[EventDate "2018.09.11"]
[EventType "swiss"]
[EventCountry "RUS"]
[SourceTitle "playchess.com"]
[Source "ChessBase"]
[SourceQuality "1"]

{[%evp 25,58,0,0,0,0,0,0,0,0,0,0,0,0,0,0,0,0,0,0,0,0,0,0,0,0,0,0,0,0,0,0,0,0,0,0]} 1. e4 c5 2. Nf3 d6 3. Bb5+ Bd7 4. Bxd7+ Qxd7 5. c4 Nf6 6. Nc3 g6 7. d4 cxd4 8. Nxd4 Bg7 9. O-O O-O {B52: Sicilian: Moscow Variation with 3...Bd7} 10. f3 Rc8 11. b3 d5 12. exd5 Nxd5 13. Nxd5 e6 {LiveBook: 114 Games. The position is equal.} 14. Bh6 (14. Be3 exd5 15. Rc1 dxc4 16. bxc4 Re8 17. Bf2 {0-1 (37) Caruana,F (2795)-Vachier Lagrave,M (2788) chess.com INT 2016}) 14... exd5 15. Bxg7 Kxg7 16. Nb5 dxc4 17. Nd6 {[#]} Rd8 $146 18. Nxb7 Qxd1 19. Rfxd1 Rxd1+ 20. Rxd1 cxb3 21. axb3 $11 {[%mdl 4096] [#] Endgame Threatens to win with Rd8. KRN-KRN} Nc6 22. Rd6 Rb8 23. Rxc6 {Black must now prevent Na5.} Rxb7 {KR-KR} 24. Ra6 Rxb3 25. Rxa7 Rb2 26. Ra6 Rc2 27. Rd6 Rb2 28. Ra6 Rc2 29. Rd6 Rb2 1/2-1/2

[Event "40th Nezhmetdinov Memorial 2018"]
[Site "Kazan"]
[Date "2018.09.16"]
[Round "4"]
[White "Levin, Evgeny A."]
[Black "Makoveev, Ilya"]
[Result "1-0"]
[WhiteElo "2516"]
[BlackElo "2271"]
[Annotator "TA"]
[PlyCount "67"]
[EventDate "2018.09.11"]
[EventType "swiss"]
[EventCountry "RUS"]
[SourceTitle "playchess.com"]
[Source "ChessBase"]
[SourceQuality "1"]

{[%evp 10,67,36,36,31,29,39,29,39,24,32,23,37,36,43,46,37,38,40,38,69,54,53,41,92,89,81,59,280,282,268,278,308,316,486,475,508,505,499,499,482,474,472,474,625,622,647,652,645,645,714,703,777,732,779,744,766,762,5573,-129]} 1. Nf3 Nf6 2. c4 e6 3. d4 b6 4. g3 Ba6 5. Qc2 Be7 (5... Bb7 6. Bg2 Be7 7. Nc3 d5 8. cxd5 exd5 9. O-O Na6 10. Qa4+ Qd7 11. Qb3 O-O 12. Ne5 Qe6 13. Bg5 Rad8 {1-0 (35) Ponkratov,P (2622)-Bosiocic,M (2600) Biograd 2018}) 6. e4 {LiveBook: 3 Partien. E15: Damenindisch (Hauptfortsetzung, Abweichungen)} d5 7. cxd5 {[#] zielt auf Lxa6 ab.} Bxf1 $1 8. Kxf1 {dxe6 ist eine echte Drohung.Weiß steht etwas besser.} exd5 9. e5 Ne4 10. Nbd2 f5 $146 ({Vorgänger:} 10... Nxd2+ 11. Bxd2 c5 12. Be3 Nd7 13. h4 {1-0 (41) Rajkovic,D (2409)-Saranovic,M (2159) Cetinje 2012}) 11. exf6 Nxf6 12. Kg2 O-O 13. Re1 Bd6 14. b3 $36 {[%mdl 2048] Weiss kämpft um Vorteil.} c5 15. Bb2 Nc6 16. dxc5 Bxc5 {[#]} (16... bxc5 $14 17. Ng5 Qd7) 17. a3 $1 $16 {Droht stark b4.} Rc8 (17... Ng4 $2 18. b4 $18) 18. Qf5 {Und weiter mit b4 wäre nett.} Qd7 $2 (18... a5 $1 $14) 19. Qxd7 $18 Nxd7 20. b4 Bd6 21. Re6 Bb8 (21... Bc5 {war nötig.} 22. bxc5 bxc5) 22. Rc1 {Weiß steht klar auf Gewinn.} Nce5 23. Rxc8 (23. Nxe5 Bxe5 24. Rxc8 Rxc8 $16) 23... Rxc8 24. Bxe5 ({Weniger gut wäre} 24. Nxe5 Bxe5 25. Rxe5 (25. Bxe5 Kf7 $16) 25... Nxe5 $16) 24... Nxe5 25. Nxe5 Bxe5 26. Rxe5 {[%mdl 4096] Endspiel KTS-KT} Rd8 27. Re7 a5 28. bxa5 bxa5 29. Ra7 d4 30. Rxa5 d3 31. Kf3 Kf7 32. Ke3 Ke6 33. Ra7 Rd7 34. Ke4 $2 {[%mdl 32768] Precision: Weiß = 93%, Schwarz = 46%. . Sensor Board Error (Ke4/e5)?} (34. Rxd7 $18 Kxd7 35. Kxd3) 1-0

[Event "40th Nezhmetdinov Memorial 2018"]
[Site "Kazan"]
[Date "2018.09.16"]
[Round "4"]
[White "Harutyunian, Tigran K."]
[Black "Volkov, Sergey"]
[Result "1/2-1/2"]
[WhiteElo "2504"]
[BlackElo "2547"]
[Annotator "TA"]
[PlyCount "83"]
[EventDate "2018.09.11"]
[EventType "swiss"]
[EventCountry "RUS"]
[SourceTitle "playchess.com"]
[Source "ChessBase"]
[SourceQuality "1"]

{[%evp 9,83,4,38,32,38,30,35,22,20,20,22,16,42,35,50,44,52,52,52,52,72,52,51,45,51,46,56,50,72,39,68,60,80,78,85,33,38,32,49,35,50,33,38,31,17,0,42,25,54,57,54,54,241,94,78,24,106,107,116,25,27,0,0,0,0,0,0,0,0,0,0,0,0,0,0,0]} 1. Nf3 d5 2. g3 Nf6 3. Bg2 c6 4. O-O Bf5 5. Nh4 (5. b3 e6 6. Bb2 Be7 7. d3 O-O 8. Nh4 Bg4 9. h3 Bh5 10. g4 Nfd7 11. Nf3 Bg6 12. Nbd2 a5 13. a3 Bf6 14. d4 Na6 {1-0 (58) Caruana,F (2822)-Aronian,L (2767) chess.com INT 2018}) 5... Bd7 6. d4 {A07: Réti Opening: New York and Capablanca Systems} g6 $146 ({Predecessor:} 6... Qc8 7. Re1 Bh3 8. Bh1 e6 9. c4 Bb4 10. Bd2 Bxd2 11. Nxd2 O-O 12. e4 dxe4 13. Nxe4 Nbd7 14. Rc1 Nxe4 15. Bxe4 Nf6 16. Bg2 {½-½ (16) Popovic,A (2304)-Certic,B (2394) Belgrade 2014}) 7. Nd2 Bg7 8. c3 {White is slightly better.} O-O 9. Re1 Re8 10. e4 dxe4 11. Nxe4 Nxe4 12. Rxe4 e5 13. dxe5 Rxe5 14. Rxe5 Bxe5 15. Nf3 Bf6 16. Be3 Na6 17. Qb3 Qc7 18. Ng5 Bf5 19. Ne4 Be5 20. Rd1 Kg7 21. f4 Bxe4 22. fxe5 (22. Bxe4 $16 Bd6 23. Qc4) 22... Bxg2 $14 23. Kxg2 {Strongly threatening e6.} Qe7 24. e6 fxe6 25. Bg5 Qf7 26. Rf1 {[%mdl 1024] White has compensation.} Qd7 27. Rd1 Qf7 28. Qc4 $36 {[%mdl 2048] White is pushing.} Rf8 29. Qd4+ Kg8 30. Bh6 {[#]} c5 $2 {[#]} (30... e5 $1 $14 {[%mdl 512]} 31. Qe3 (31. Qxe5 Re8) 31... Rb8) 31. Qe3 (31. Qg4 $1 $18 {is the precise move to win.} Re8 32. Qa4) 31... Re8 $16 32. Qe5 (32. h4 $16) 32... b6 (32... Qe7 $11 {remains equal.}) 33. Rf1 Qe7 {[#]} 34. h4 ({Better is} 34. Rf6 $1 $16 {[%cal Rf6e6]} Qb7+ 35. Kg1) 34... Nb8 $1 $11 35. h5 {Hoping for hxg6.} Nd7 {The position is equal.} 36. Qe2 e5 37. hxg6 hxg6 38. Qe4 Qe6 39. Rd1 {Qb7 is the strong threat.} Nf8 40. Rf1 {Black must now prevent Qb7.} Nd7 41. Rd1 {Threatens to win with Qb7.} Nf8 42. Rf1 {Precision: White = 48%, Black = 59%.} 1/2-1/2

[Event "40th Nezhmetdinov Memorial 2018"]
[Site "Kazan"]
[Date "2018.09.16"]
[Round "4"]
[White "Gaifullin, Artur"]
[Black "Frolyanov, Dmitry"]
[Result "1/2-1/2"]
[WhiteElo "2454"]
[BlackElo "2532"]
[Annotator "TA"]
[PlyCount "112"]
[EventDate "2018.09.11"]
[EventType "swiss"]
[EventCountry "RUS"]
[SourceTitle "playchess.com"]
[Source "ChessBase"]
[SourceQuality "1"]

{[%evp 21,112,15,32,-23,-12,-49,-54,-58,7,6,8,11,5,13,8,15,8,4,15,10,14,23,8,0,0,-13,-8,-28,-14,-26,10,8,8,7,8,6,6,-68,-65,-108,-108,-108,-108,-108,-108,-116,-108,-116,-116,-116,-116,-116,-116,-116,-108,-116,-108,-108,-92,-94,-95,-104,-104,-109,-97,-109,-93,-93,-93,-93,-87,-109,-80,-109,-72,-72,0,-109,-95,-98,-83,-83,-8,-13,-12,-14,-14,-15,-9,-23,0,0,7]} 1. Nf3 d5 2. c4 e6 3. g3 Nf6 4. Bg2 dxc4 5. Qa4+ c6 6. Qxc4 b5 7. Qc2 Bb7 8. O-O Nbd7 {A13: English Opening: 1...e6} 9. d4 Be7 10. Nc3 O-O 11. Rd1 Rc8 {LiveBook: 5 Games} (11... Qb6 12. Ne5 Rfd8 13. Be3 Nd5 14. Nxd5 cxd5 15. Rac1 Rac8 16. Qd3 b4 17. Rxc8 Bxc8 {½-½ (41) So,W (2799)-Mamedyarov,S (2809) Berlin 2018}) 12. a3 $146 (12. Ne5 $14) ({Predecessor:} 12. Bg5 c5 13. Bxf6 Bxf6 14. Ng5 Bxg5 15. Bxb7 Rc7 16. dxc5 Rxc5 17. Qb3 Qe7 {1-0 (50) Rodshtein,M (2678)-Grachev,B (2647) Sochi 2018}) 12... c5 $11 13. d5 exd5 14. Nh4 b4 (14... Bc6 $15) 15. Nxd5 Bxd5 16. Bxd5 Nxd5 17. Rxd5 {[#] And now Qd1 would win.} Bxh4 18. Rh5 {[%csl Gh5][%cal Rc2h7]} h6 {aiming for ...Bf6.} 19. Rxh4 Re8 20. Be3 a5 21. Rd1 {[#] Black must now prevent Bxh6!} Qe7 $1 22. Qa4 Ne5 {[%cal Bd7e5,Be5g4,Bg4f6][%mdl 32]} 23. Rd5 Qe6 24. Qd1 $1 ({Much worse is} 24. Rxc5 Ng4 $17) 24... Ng4 25. Bxc5 Nf6 (25... g5 {keeps more tension.} 26. Rd6 Qe4 27. Rxg4 Qxg4 28. Be3 Qe4) 26. Rd6 Qxe2 27. axb4 axb4 28. Qxe2 Rxe2 29. Bxb4 (29. Kf1 $11 Rc2 30. Bd4) 29... Ne4 $36 {[%mdl 2048] Black fights for an advantage.} ({Much weaker is} 29... Rxb2 30. Bd2 $11) 30. Rxe4 Rxe4 {[%mdl 4096] Endgame KRR-KRB} 31. Bc3 Kh7 32. h4 Rc5 33. Kf1 h5 34. Rd7 Kg6 35. Rd6+ f6 36. Rd7 Rf5 37. Bd2 Ree5 38. Bb4 Rd5 39. Rc7 Rd1+ 40. Kg2 Rfd5 41. Bf8 Rd7 42. Rc4 R1d4 43. Rc1 Kf7 44. Bc5 Rd1 45. Rc4 Rb1 46. b4 Rb2 47. Rf4 Rd5 48. Re4 Rd7 49. Rf4 $1 Rdd2 50. Rf5 g6 51. Rf4 f5 ({Better is} 51... Rb3 $17 52. Re4 g5) 52. Rf3 $1 $11 Re2 53. Rd3 Rbd2 54. Ra3 Rd7 55. Rb3 Rc2 56. Be3 Rb7 {Precision: White = 65%, Black = 49%.} 1/2-1/2

[Event "40th Nezhmetdinov Memorial 2018"]
[Site "Kazan"]
[Date "2018.09.16"]
[Round "4"]
[White "Samusenko, Maksim"]
[Black "Yudin, Sergei"]
[Result "0-1"]
[WhiteElo "2442"]
[BlackElo "2525"]
[Annotator "TA"]
[PlyCount "118"]
[EventDate "2018.09.11"]
[EventType "swiss"]
[EventCountry "RUS"]
[SourceTitle "playchess.com"]
[Source "ChessBase"]
[SourceQuality "1"]

{[%evp 15,118,16,20,23,17,12,23,24,33,18,52,44,64,36,45,28,25,27,63,57,81,83,77,69,99,82,87,81,95,40,98,95,114,113,128,72,114,85,93,87,83,58,58,61,80,22,23,14,13,0,0,-29,-32,-34,-28,-31,-33,-33,-20,-56,-49,-59,-44,-344,-344,-344,-343,-333,-341,-408,-402,-408,-356,-447,-438,-379,-388,-431,-443,-484,-465,-558,-557,-779,-773,-720,-580,-702,-696,-645,-558,-558,0,-606,-558,-694,-677,-646,-618,-685,-643,-808,-755,-785,-1711]} 1. e4 e6 2. d4 d5 3. Nd2 a6 4. Bd3 c5 5. dxc5 Bxc5 6. Ngf3 Nc6 7. a3 Nge7 8. O-O O-O {LiveBook: 66 Games. C07: French Tarrasch: 3...c5, 4 Ngf3 and 4 exd5 Qxd5} (8... a5 9. Re1 O-O 10. exd5 Nxd5 11. Ne4 Be7 12. c4 Nf6 13. Qc2 h6 14. Bf4 Nh5 15. Be3 Qc7 16. Nc3 {1-0 (36) Svidler,P (2727)-Nikolic,P (2669) Germany 2009}) 9. Re1 Ng6 10. exd5 exd5 $146 {The position is equal.} ({Predecessor:} 10... Qxd5 11. Nb3 Be7 12. Bxg6 hxg6 13. Qxd5 exd5 14. Be3 Bf6 15. c3 Bg4 16. Rad1 Bxf3 17. gxf3 {½-½ (43) Saltaev,M (2495)-Sarrau,J (2370) Belgium 2015}) 11. Nb3 Bb6 12. Be3 Bxe3 13. Rxe3 Nf4 14. Bf1 Bg4 15. Qd2 Qf6 16. c3 Rfd8 17. Rae1 h6 18. Ne5 Nxe5 19. Rxe5 Rac8 20. Nd4 Ng6 21. R5e3 Bd7 22. Bd3 ({Better is} 22. g3 $16) 22... Nf8 (22... Re8 $14) 23. Re5 $16 Qd6 24. Bc2 Be6 25. f4 (25. R1e3 $142) 25... Bd7 26. Kh1 b5 27. Bd3 Rb8 28. Qf2 a5 29. Qf3 Qc7 30. f5 (30. Rxd5 $16 b4 31. axb4 axb4 32. c4) 30... Nh7 $11 31. Rxd5 {[%cal Rd4b5]} (31. Qf4 {with more complications.} f6 32. R5e4 Qxf4 33. Rxf4 Ng5 34. Nb3) 31... b4 32. axb4 axb4 33. cxb4 Rxb4 {...Nf6 is the strong threat.} 34. Qg3 Qxg3 35. hxg3 Nf6 36. Rd6 {aiming for Nc6.} Rxb2 37. Bb5 Rb8 $36 {[%mdl 2048] Black is pushing.} 38. Bxd7 Rb1 $1 {[%cal Rb1e1]} 39. Rg1 $2 {[%mdl 8192] [#]} (39. Rxb1 Rxb1+ 40. Kh2 Ng4+ 41. Kh3 Nf2+ 42. Kh4 Rh1#) (39. Nc2 $15) 39... Rxg1+ $1 $19 40. Kxg1 {[#] Black must now prevent Bc6.} Rb1+ $1 41. Kf2 {Threatens to win with Bc6.} (41. Kh2 $2 {leads to mate.} Ng4+ 42. Kh3 Nf2+ 43. Kh4 Rh1#) 41... Ne4+ 42. Ke3 Nxd6 {[%mdl 4096] Endgame KRN-KBN} 43. Bc6 Kf8 44. Bf3 Ke7 45. g4 Kf6 46. Be2 Rb4 47. Nc2 Ra4 48. Kf2 Kg5 49. Ne3 Ne4+ 50. Kf3 Nf6 51. Kg3 Re4 52. Kf3 Rf4+ 53. Kg3 Re4 54. Kf3 Rb4 {Black is clearly winning.} 55. Kg3 Rb3 56. Kf2 Kf4 57. g3+ Ke5 58. Nc4+ Kd4 59. Nd6 Ne4+ {Precision: White = 37%, Black = 76%.} 0-1